Music Quiz

Random Music or Song Quiz
Score 0/18 Timer 01:30
0 Plays Today
% Correct
Livin' On
97.7%
Wanted Dead
97.1%
You Give Love
97%
Bed
94.7%
Bad
94.3%
I'll Be There
94.1%
It's My
94%
Never Say
92.6%
Lay Your
92.5%
% Correct
I'll Sleep When
91.4%
Keep
89.6%
This Ain't
89.4%
In These
86.6%
These
81.6%
Midnight
74.5%
Dry
72.4%
Someday I'll Be
71%
Hearts
69.6%
Come Together.
Have Fun.
All Virtual.
We all need to come together. Play Sporcle's virtual live trivia to have fun, connect with people, and get your trivia on. Join a live hosted trivia game for your favorite pub trivia experience done virtually. If a virtual private party is more your thing, go here for details.

You're not logged in!

Compare scores with friends on all Sporcle quizzes.
OR
Log In

Sporcle TV

Today on Sporcle TV


Watch our educational content, quiz creation guides, and fun videos on Sporcle TV.

Show Comments

Extras

Top Quizzes Today


Score Distribution

Paid Content

Your Account Isn't Verified!

In order to create a playlist on Sporcle, you need to verify the email address you used during registration. Go to your Sporcle Settings to finish the process.

Report this User

Report this user for behavior that violates our Community Guidelines.

Details: